000 00763nam a22001815i 4500
001 156269
003 ES-MaACL
005 20250824063049.0
008 940202s1888 sp |||| | spa d
040 _aAR
_bspa
100 1 _aJardiel, Florencio,
_d1844-1931
_966111
245 1 0 _aEstudio sobre la enciclica Inmortale Dei /
_cpor el doctor D. Florencio Jardiel.
260 _aZaragoza :
_b[s.n.],
_c1888 (
_fimprenta del Hospicio Provincial)
300 _a151 p. ;
_c18 cm.
594 1 _aEstudio premiado en el certamen cientifico- literario celebrado con motivo del jubileo sacerdotal de S.S. el Papa Leon XIII.
852 _aES-MaACL
_jT-588-F-2
_z-- Enc. hol., conservando la enc. editorial
_z-- Enc. en un vol. facticio
999 _c156269
_d156269